Ultrasound scanning principles and protocols

Saved in:
Bibliographic Details
Main Author: TEMPKIN, Betty Bates
Format: Book
Language:English
Published: Felicia M. B. Saunders 1993
Tags: Add Tag
No Tags, Be the first to tag this record!

MARC

LEADER 00000nam a22000007a 4500
008 201223b ||||| |||| 00| 0 eng d
020 |a 0-7216-3706-x 
100 |a TEMPKIN, Betty Bates. 
245 |a Ultrasound scanning  |b principles and protocols  |c Betty Bates Tempkin; contribution anthorts, Kristin Dykstra 
260 |b Felicia M. B. Saunders  |c 1993  |h Downey  |i 282363  |l RC78.7 .U4T24  |m Diagnosis, Ultrasonic  |m Dykstra-Downey. 
942 |a lcc  |c BK  |e ADEYEY Y. S.  |f 23/12/2020 
952 |0 0  |1 0  |2 lcc  |4 0  |6 RC00787 U4 T24  |7 0  |9 1171  |a HOL  |b HOL  |c QZ  |d 2020-12-23  |l 0  |o RC78.7 .U4T24  |p 2020-230377  |r 2020-12-23 00:00:00  |w 2020-12-23  |y BK 
999 |c 614  |d 614